000 003490000a22001330004500
090 _aAS
_bSeriadas
245 1 0 _aZoonimia vernácula en Yucuna
041 0 _aEspañol
700 1 _aYucuna, Celestino
_999250
700 1 _aBennett, Sara
_999251
100 1 _aDefler, Thomas R.
_96444
942 _cARTICULO
773 1 _tCaldasia
_345
_h2
_q219-234
_d1999
_g21
999 _c14453
_d14453